[Event "Rheinland Pfalz op 11th"]
[Site "Weilerbach"]
[Date "2019.06.22"]
[Round "5"]
[White "Richter, Tim"]
[Black "Hoefert, Michael"]
[Result "1/2-1/2"]
[WhiteElo "1473"]
[BlackElo "1749"]
[PlyCount "67"]
[EventDate "2019.06.20"]
[EventType "swiss"]
[EventRounds "7"]
[EventCountry "GER"]
[SourceTitle "CBM 191 Extra"]
[Source "ChessBase"]
[SourceDate "2019.09.30"]
[SourceVersion "1"]
[SourceVersionDate "2019.09.30"]
[SourceQuality "1"]

1. d4 Nf6 2. c4 c5 3. d5 b5 4. cxb5 a6 5. bxa6 g6 6. a7 Rxa7 7. Nc3 Bg7 8. e4 0-0 9. f3 Qb6 10. Bd3 e6 11. dxe6 dxe6 12. Qe2 Nc6 13. Be3 Qa5 14. Qc2 Nb4 15. Qb1 Rd8 16. Bc2 Ba6 17. Nge2 Bxe2 18. Kxe2 Qa6+ 19. Kf2 Rad7 20. a3 Nd3+ 21. Bxd3 Rxd3 22. Qc2 Nd7 23. Rhd1 c4 24. Rd2 Ne5 25. Rad1 Nc6 26. Rxd3 cxd3 27. Qd2 Qc4 28. Bh6 Bd4+ 29. Be3 Bg7 30. Bh6 Bd4+ 31. Be3 Bh8 32. Bh6 Na5 33. Qg5 Qc7 34. Qb5 1/2-1/2

[Event "Rheinland Pfalz op 11th"]
[Site "Weilerbach"]
[Date "2019.06.21"]
[Round "4"]
[White "Hoefert, Michael"]
[Black "Schrems, Hermann"]
[Result "0-1"]
[WhiteElo "1749"]
[BlackElo "2086"]
[PlyCount "128"]
[EventDate "2019.06.20"]
[EventType "swiss"]
[EventRounds "7"]
[EventCountry "GER"]
[SourceTitle "CBM 191 Extra"]
[Source "ChessBase"]
[SourceDate "2019.09.30"]
[SourceVersion "1"]
[SourceVersionDate "2019.09.30"]
[SourceQuality "1"]

1. e4 Nf6 2. e5 Nd5 3. d4 d6 4. c4 Nb6 5. exd6 cxd6 6. Nc3 g6 7. Be3 Bg7 8. Be2 0-0 9. Nf3 Nc6 10. 0-0 Bg4 11. b3 d5 12. c5 Nc8 13. Rc1 e6 14. Re1 N8e7 15. Nh4 Bxe2 16. Nxe2 Qa5 17. Rc2 Rfc8 18. Qd2 Qxd2 19. Rxd2 b6 20. Rc1 bxc5 21. Rxc5 a5 22. Nc3 Nxd4 23. Rxc8+ Rxc8 24. Bxd4 Bxd4 25. Ne2 Bf6 26. Nf3 Nf5 27. g3 Nd6 28. Ne1 Kf8 29. f3 Ke7 30. Nd3 Nb5 31. Kf1 Kd6 32. b4 axb4 33. Nxb4 Rc4 34. Nd3 Na3 35. Kf2 Rc2 36. Rxc2 Nxc2 37. a4 Bd8 38. Nec1 Bb6+ 39. Kg2 f6 40. Nb3 Ne3+ 41. Kh3 Nc4 42. Kg2 e5 43. Kf1 Na5 44. Ndc1 Nc6 45. Ke2 f5 46. Kd3 e4+ 47. fxe4 fxe4+ 48. Ke2 d4 49. h3 Kd5 50. g4 Bd8 51. Nd2 Bg5 52. Ndb3 Kc4 53. Nd2+ Bxd2 54. Kxd2 Kb4 55. Ne2 Kxa4 56. Ng3 e3+ 57. Kd3 Kb4 58. Ne4 Ne5+ 59. Ke2 Kc4 60. g5 Kd5 61. Nf6+ Ke6 62. h4 h6 63. Ne4 hxg5 64. Nxg5+ Kf5 0-1